屈原《离骚》开篇8句描述自己出身默写Recite First 8 Sentences in Qu Yuan's Poem Lisao - Statistics

General Stats
  • This quiz has been taken 43 times
  • The average score is 6 of 8
Answer Stats
答案 % Correct
帝高阳之苗裔兮
100%
朕皇考曰伯庸
92%
摄提贞于孟陬兮
71%
名余曰正则兮
66%
惟庚寅吾以降
63%
字余曰灵均
63%
皇览揆余初度兮
58%
肇锡余以嘉名
55%
No matching quizzes found
Score Distribution
Percent of People with Each Score
Percentile by Number Answered
Your Score History
You have not taken this quiz